[Event "Challenge"]
[Site "http://www.queenalice.com/game.php?id=934693"]
[Date "2011.5.6"]
[Round "-"]
[White "peaceman"]
[Black "AgdaViana"]
[Result "0-1"]
[WhiteElo "1228"]
[BlackElo "1149"]

1. d4 Nf6 2. Nf3 Nc6 3. Nc3 d5 4. a3 Qd6 5. b4 e5 6. h3 Be7 7. Bb2 exd4 8. Na4
Ne5 9. Qxd4 Nc6 10. Qc3 Bf5 11. Nc5 d4 12. Nxb7 Qe6 13. Qb3 Rb8 14. c4 Rxb7 15.
g4 Nxg4 16. Ng5 Qg6 17. Qa4 Bxg5 18. Bg2 Be4 19. f3 Ne3 20. fxe4 Nxg2+ 21. Kf2
Be3+ 22. Kf3 Nh4# 0-1

[Event "OS INCLIVEIS"]
[Site "http://www.queenalice.com/game.php?id=1488981"]
[Date "2017.8.5"]
[Round "-"]
[White "adelio"]
[Black "AgdaViana"]
[Result "1-0"]
[WhiteElo "1401"]
[BlackElo "1185"]

1. d4 d5 2. e4 e6 3. e5 Nc6 4. c3 Nge7 5. Nd2 Ng6 6. Ndf3 Be7 7. Nh3 O-O 8. Nhg5
h6 9. h4 h5 10. Nxf7 Rxf7 11. Ng5 Rf8 12. Qxh5 Bxg5 13. hxg5 Nce7 14. Bd3 Qe8
15. Rh3 Qf7 16. Qh7# 1-0

[Event "OS INCLIVES"]
[Site "http://www.queenalice.com/game.php?id=1488982"]
[Date "2017.8.5"]
[Round "-"]
[White "AgdaViana"]
[Black "adelio"]
[Result "1-0"]
[WhiteElo "1171"]
[BlackElo "1239"]

1. d4 d5 2. e3 e6 3. Nf3 Be7 4. Bd3 g6 5. O-O Nd7 6. Nbd2 Ngf6 7. c3 Ng4 8. Qe2
Nxh2 9. Nxh2 Nf6 10. Nhf3 Ng4 11. e4 e5 12. dxe5 h5 13. exd5 h4 14. Bc4 Bc5 15.
Ne4 Be7 16. Bg5 h3 17. gxh3 Rxh3 18. d6 Bxg5 19. Nexg5 Be6 20. Nxh3 Nxe5 21.
Qxe5 Kd7 22. Rfd1 c6 23. Nd2 Bxh3 24. Bxf7 Bf5 25. Nf3 Bg4 26. Qg3 Bf5 27. Bxg6
Be6 28. Ng5 Qf6 29. Nxe6 Qxe6 30. Bh7 Rh8 31. Qg7+ Ke8 32. d7+ Kd8 33. Qxh8+ Kc7
34. d8=Q# 1-0

[Event "boa sorte rs"]
[Site "http://www.queenalice.com/game.php?id=1490627"]
[Date "2017.8.18"]
[Round "-"]
[White "AgdaViana"]
[Black "Olavio"]
[Result "1-0"]
[WhiteElo "1232"]
[BlackElo "1795"]

1. e4 c6 2. d4 e6 3. e5 d5 4. Nf3 b5 5. Bd3 f5 6. O-O h6 7. Nh4 Qxh4 8. Nd2 Qxd4
9. Qh5+ Ke7 10. Nf3 Qg4 11. Qxg4 fxg4 12. Nh4 g5 13. Ng6+ Kd7 14. Nxh8 Ne7 15.
f4 Bg7 16. Ng6 Nxg6 17. Bxg6 Kc7 18. Bh5 Bb7 19. Bxg4 Nd7 20. Bxe6 Nf8 21. Bg4
Re8 22. Be3 Ng6 23. Bh5 Re6 24. Rae1 Ne7 25. Bxa7 g4 26. f5 Rxe5 27. Rxe5 Bxe5
28. f6 Nc8 29. Bc5 Bd6 30. Bxd6+ Nxd6 31. f7 Nxf7 32. Rxf7+ Kb6 33. Bxg4 b4 34.
Rh7 c5 35. Rxh6+ Kb5 36. Bd7+ Kc4 37. g4 d4 38. g5 Be4 39. g6 Bxc2 40. g7 Be4
41. g8=Q+ Bd5 42. Be6 Bxe6 43. Qxe6+ Kd3 44. Rh3+ Kc2 45. Qe2+ Kb1 46. b3 d3 47.
Rxd3 c4 48. Rd1# 1-0

[Event "Lets Bora!"]
[Site "http://www.queenalice.com/game.php?id=1493624"]
[Date "2017.9.9"]
[Round "-"]
[White "AgdaViana"]
[Black "Tantalo"]
[Result "0-1"]
[WhiteElo "1313"]
[BlackElo "1451"]

1. e4 e5 2. Nf3 Nc6 3. Bc4 h6 4. O-O Nf6 5. Bd5 Bc5 6. d3 Ng4 7. d4 Nxd4 8. Nxd4
Bxd4 9. Qxg4 Qf6 10. c3 d6 11. Qe2 Bb6 12. Be3 c6 13. Bxb6 axb6 14. Bb3 Be6 15.
Nd2 d5 16. exd5 Bxd5 17. Bxd5 cxd5 18. Qb5+ Qc6 19. Qxc6+ bxc6 20. a3 O-O 21. c4
Rfc8 22. cxd5 cxd5 23. Nf3 e4 24. Ne5 d4 0-1

[Event "Challenge"]
[Site "http://www.queenalice.com/game.php?id=1494946"]
[Date "2017.9.17"]
[Round "-"]
[White "AgdaViana"]
[Black "AdilsonGomes"]
[Result "1-0"]
[WhiteElo "1232"]
[BlackElo "1610"]

1. e4 b6 2. d4 Bb7 3. Nc3 e6 4. Bd3 Na6 5. Nge2 Nb4 6. O-O Nxd3 7. Qxd3 d5 8. e5
Be7 9. Ng3 a6 10. Nce2 a5 11. Qf3 g6 12. c3 h5 13. Bd2 h4 14. Nh1 Bg5 15. Bxg5
Qxg5 16. b4 a4 17. c4 c6 18. Rfc1 Qd2 19. b5 c5 20. dxc5 bxc5 21. Re1 O-O-O 22.
Qa3 Qb4 23. Qxb4 cxb4 24. c5 Kc7 25. Nd4 Ne7 26. b6+ Kb8 27. Nb5 Bc6 28. Nd6 Rh7
29. f3 Nf5 30. Rad1 Nxd6 31. exd6 Bd7 32. Rd4 b3 33. axb3 axb3 34. Rb4 Kb7 35.
Nf2 Kc6 36. Nd3 Bc8 37. Rc1 Ba6 38. Ne5+ Kb7 39. c6+ Kc8 40. b7+ Bxb7 41. cxb7+
Kb8 42. Nc6# 1-0

[Event "Challenge"]
[Site "http://www.queenalice.com/game.php?id=1495525"]
[Date "2017.9.20"]
[Round "-"]
[White "AgdaViana"]
[Black "knight576"]
[Result "1-0"]
[WhiteElo "1298"]
[BlackElo "2200"]

1. e4 e6 2. d4 d5 3. Nc3 Bb4 4. Bd2 Ne7 5. Bd3 c6 6. Nf3 O-O 7. O-O Ng6 8. e5 b6
9. Ne2 Be7 10. c4 c5 11. dxc5 bxc5 12. cxd5 exd5 13. Bxg6 hxg6 14. Ng5 Bxg5 15.
Bxg5 Qxg5 16. Qxd5 Nd7 17. Qxa8 Ba6 18. Qxa7 1-0

[Event "Challenge"]
[Site "http://www.queenalice.com/game.php?id=1496040"]
[Date "2017.9.22"]
[Round "-"]
[White "AgdaViana"]
[Black "BMJFF33"]
[Result "1-0"]
[WhiteElo "1204"]
[BlackElo "1219"]

1. e4 e6 2. d4 d6 3. Nf3 h5 4. Nc3 Be7 5. Bc4 g5 6. O-O g4 7. Ne1 a5 8. d5 exd5
9. exd5 Nf6 10. Bg5 O-O 11. Qd2 b6 12. Bh6 Re8 13. Qg5+ Kh8 14. Qg7# 1-0

[Event "ho vida boa rsrs"]
[Site "http://www.queenalice.com/game.php?id=1496098"]
[Date "2017.9.22"]
[Round "-"]
[White "Olavio"]
[Black "AgdaViana"]
[Result "0-1"]
[WhiteElo "1739"]
[BlackElo "1319"]

1. e4 e5 2. Bc4 Nf6 3. Qf3 Bc5 4. Nh3 O-O 5. Ng5 Nc6 6. Qh3 Nd4 7. Bb3 h6 8. Nf3
Nxe4 9. O-O Ne2+ 10. Kh1 Nxc1 11. Rxc1 Nxf2+ 12. Kg1 Nxh3+ 13. Kf1 Qf6 14. Bd5
Nf4 15. Re1 Nxd5 16. c4 Nb4 17. Na3 Qf4 18. Rxe5 Nd3 19. Rd5 Bxa3 20. Rxd3 Bxb2
21. Re1 Qxc4 22. Re3 Qxa2 23. Re1 d6 24. Kg1 Bf5 25. Rde3 c5 26. Nh4 Qd5 27.
R3e2 Qd4+ 28. Kh1 Qxh4 29. Rf1 Bd3 30. Ref2 Bxf1 31. Rxf1 Rae8 32. g3 Qh3 33. d4
Qxf1# 0-1

[Event "Café"]
[Site "http://www.queenalice.com/game.php?id=1496518"]
[Date "2017.9.25"]
[Round "-"]
[White "AgdaViana"]
[Black "magalhaes_br"]
[Result "1-0"]
[WhiteElo "1278"]
[BlackElo "1240"]

1. e4 e5 2. Nf3 Nc6 3. Bc4 Nh6 4. O-O a6 5. d4 b5 6. Bd5 Nb4 7. Bxa8 d6 8. Qd2
Be7 9. Qxb4 Bd7 10. Bb7 f6 11. Nc3 c6 12. Bxa6 Bc8 13. Bxc8 Qxc8 14. d5 c5 15.
Qxb5+ Kf7 16. Na4 Qc7 17. Nd2 Rb8 18. Qe2 g5 19. Qh5+ Kg7 20. Nc4 Nf7 21. Bd2
Kh8 22. Qxf7 Rf8 23. Qh5 Rg8 24. Ba5 Qc8 25. Nab6 Qe8 26. Qxe8 Rxe8 27. b4 h6
28. bxc5 Rd8 29. c6 Rb8 30. c7 Re8 31. c8=Q Rg8 32. Qc7 Bf8 33. Qf7 Bg7 34. Nxd6
Rf8 35. Qg6 g4 36. Nf5 Rg8 37. Nd7 g3 38. Nxf6 Bxf6 39. Qxf6+ Rg7 40. Qxg7# 1-0

[Event "AUTO-INT-3288"]
[Site "http://www.queenalice.com/game.php?id=1498942"]
[Date "2017.10.15"]
[Round "1"]
[White "qxr"]
[Black "AgdaViana"]
[Result "0-1"]
[WhiteElo "1619"]
[BlackElo "1319"]

1. d4 d5 2. c4 e6 3. Nc3 Nf6 4. Bg5 Bb4 5. e3 O-O 6. Ne2 Nc6 7. cxd5 exd5 8. a3
Bxc3+ 9. bxc3 Qd6 10. g3 Ne4 11. Bf4 Qg6 12. Bg2 Na5 13. O-O Nc4 14. Bxe4 dxe4
15. Bxc7 Bg4 16. Qc2 Rac8 17. Bf4 Qh5 18. Ra2 Nxa3 19. Qxe4 Bxe2 20. Re1 Bf3 0-1

[Event "AUTO-INT-3288"]
[Site "http://www.queenalice.com/game.php?id=1498943"]
[Date "2017.10.15"]
[Round "1"]
[White "AgdaViana"]
[Black "qxr"]
[Result "0-1"]
[WhiteElo "1324"]
[BlackElo "1615"]

1. e4 c5 2. Nf3 f6 3. Bc4 e6 4. O-O Be7 5. Nc3 a6 6. d3 Bd6 7. d4 Ne7 8. e5 fxe5
9. dxc5 Bxc5 10. Nxe5 Nf5 11. Ne4 Be7 12. Qg4 O-O 13. Bg5 d5 14. Bxd5 exd5 0-1

[Event "AUTO-INT-3288"]
[Site "http://www.queenalice.com/game.php?id=1498958"]
[Date "2017.10.15"]
[Round "1"]
[White "renocharlier"]
[Black "AgdaViana"]
[Result "1-0"]
[WhiteElo "1386"]
[BlackElo "1329"]

1. Nf3 e6 2. d4 d5 3. e3 Nh6 4. e4 dxe4 5. Ne5 Bd6 6. Bf4 Nf5 7. c3 O-O 8. Qa4
Bxe5 9. Bxe5 Bd7 10. Qc4 Nc6 11. d5 exd5 12. Qc5 Nxe5 13. g4 Nh6 14. Nd2 Nexg4
15. Rg1 Nxh2 16. Bb5 c6 17. Qd4 1-0

[Event "AUTO-INT-3288"]
[Site "http://www.queenalice.com/game.php?id=1498959"]
[Date "2017.10.15"]
[Round "1"]
[White "AgdaViana"]
[Black "renocharlier"]
[Result "0-1"]
[WhiteElo "1344"]
[BlackElo "1371"]

1. e4 e5 2. d4 d5 3. Nf3 dxe4 4. Nxe5 c5 5. Bc4 Qxd4 6. Bxf7+ Kd8 7. Qh5 Nf6 8.
Qg5 h6 9. Qg3 Bd6 10. Qxg7 Bxe5 11. Qxh8+ Kc7 12. Qxh6 Nc6 13. O-O Bd6 14. c3
Qd3 15. Qxf6 Bxh2+ 16. Kxh2 Qxf1 17. Qf4+ Kb6 18. Nd2 Qd3 19. Nxe4 Qf1 20. Nf6
Bh3 21. Kxh3 Rh8+ 22. Kg3 Ne7 23. Nd7+ Kc6 24. Qf6+ Kc7 25. Bf4+ Kxd7 26. Rxf1
Nd5 0-1

[Event "AUTO-INT-3288"]
[Site "http://www.queenalice.com/game.php?id=1498970"]
[Date "2017.10.15"]
[Round "1"]
[White "AgdaViana"]
[Black "Danado"]
[Result "0-1"]
[WhiteElo "1330"]
[BlackElo "1605"]

1. e4 e5 2. Nf3 d6 3. d3 Bg4 4. Be2 Bxf3 5. Bxf3 h6 6. Nc3 c6 7. O-O Nf6 8. d4
exd4 9. Qxd4 Qe7 10. Bf4 Qe6 11. e5 c5 12. Qa4+ Nc6 13. Bxc6+ Nd7 14. Bxb7 Rb8
15. Qxa7 Be7 16. Nb5 O-O 17. exd6 Bf6 18. c3 Be5 19. Bxe5 Nxe5 20. Rad1 Qd7 21.
Ba6 Qxa7 22. Nxa7 Ra8 23. d7 Rfd8 0-1

[Event "AUTO-INT-3288"]
[Site "http://www.queenalice.com/game.php?id=1498971"]
[Date "2017.10.15"]
[Round "1"]
[White "Danado"]
[Black "AgdaViana"]
[Result "0-1"]
[WhiteElo "1543"]
[BlackElo "1298"]

1. e4 e5 2. Nf3 Nc6 3. d4 d6 4. dxe5 dxe5 5. Qxd8+ Nxd8 6. Bc4 Bd6 7. Bg5 Ne6 8.
Bxe6 Bxe6 9. O-O f6 10. Be3 Ne7 11. Nc3 O-O 12. Nb5 Bc4 13. Nxd6 Bxf1 14. Kxf1
cxd6 15. Rd1 Rfd8 16. h3 Nc6 17. c3 b6 18. Nh4 Na5 19. b3 g6 20. c4 Nb7 21. Nf3
Nc5 22. Bxc5 dxc5 23. Rxd8+ Rxd8 24. Ke1 a6 25. Ke2 b5 26. cxb5 axb5 27. Ne1 Ra8
0-1

[Event "Challenge"]
[Site "http://www.queenalice.com/game.php?id=1499199"]
[Date "2017.10.17"]
[Round "-"]
[White "AdilsonGomes"]
[Black "AgdaViana"]
[Result "1-0"]
[WhiteElo "1643"]
[BlackElo "1348"]

1. b3 e5 2. Bb2 d6 3. e3 Nd7 4. d4 Ngf6 5. Nf3 Be7 6. h3 e4 7. Nh4 O-O 8. Nf5
Nb6 9. Nxe7+ Qxe7 10. c4 c6 11. Ba3 c5 12. d5 Nfd7 13. Nc3 Qe5 14. Bb2 Nf6 15.
Be2 Qg5 16. g3 Nbd7 17. Nb5 Ne5 18. h4 Qg6 19. Nxd6 Bf5 20. Bxe5 Nd7 21. Bf4 b6
22. Nxf5 Qxf5 23. Bg4 Qf6 24. Bxd7 Qc3+ 25. Ke2 Rad8 26. Rc1 Qa5 27. Ba4 1-0